| 000 | 00477nam a2200169Ia 4500 | ||
|---|---|---|---|
| 008 | 220204s9999 xx 000 0 und d | ||
| 082 |
_a575:631.52 _bWHI |
||
| 100 | _aHodge, Gary R | ||
| 245 | 0 | _aPredicting breeding values, with applications in forest tree improvement | |
| 260 |
_aBoston _bKluwer _c1989 |
||
| 490 | _aForestry Sciences 33 | ||
| 650 | _aForest Genetics | ||
| 650 | _aTree breeding | ||
| 650 | _aTree selection | ||
| 700 | _aWhite, Timothy | ||
| 942 | _cBK | ||
| 999 |
_c40419 _d40419 |
||